Využitie matematického softvéru pri riešení optimalizačných úloh v poistení

Enregistré dans:
Détails bibliographiques
Auteur principal: Slaninka, František, 1973-
Autres auteurs: Simonka, Zsolt, 1974-
Format: Chapitre de livre
Langue:slovaque
Sujets:
Tags: Ajouter un tag
Pas de tags, Soyez le premier à ajouter un tag!

MARC

LEADER 00000nla a2200000 4500
001 0157219
005 20240502072739.4
041 0 |a slo 
044 |a SK 
245 1 0 |a Využitie matematického softvéru pri riešení optimalizačných úloh v poistení  |c František Slaninka, Zsolt Simonka 
500 |a Abstrakt 
610 2 0 |a poisťovníctvo 
610 2 0 |a poistenie 
610 2 0 |a zmluvy poistné 
610 2 0 |a portfólio 
610 2 0 |a riziko poistné 
610 2 0 |a matematika poistná 
610 2 0 |a technológie informačné 
610 2 0 |a technológie komunikačné 
610 2 0 |a softvér 
610 2 0 |a programy aplikačné 
100 1 |a Slaninka, František, 1973- 
700 1 |a Simonka, Zsolt, 1974-